000 00967cam a2200289 a 4500
001 2936070
003 OSt
005 20140310182256.0
008 891027s1988 enk 000 1 eng
010 _a 89200017
020 _a0091736420
040 _aDLC
_cDLC
_dDLC
050 0 0 _aPR 6054.E37
_b.D368 1988
082 0 0 _aFIC
_b D36s 1988
100 1 _aDeighton, Len,
_d1929-
_920405
245 1 0 _aSpy hook /
_cLen Deighton.
260 _aLondon :
_bHutchinson,
_c1988
_g(1989 printing)
300 _a267 p. ;
_c23 cm.
650 0 _aSamson, Bernard (Fictitious character)
_xFiction.
_920406
650 0 _aIntelligence service
_zGreat Britain
_xFiction.
_920407
655 7 _aSpy stories.
_2gsafd
_94765
856 4 2 _3Publisher description
_uhttp://www.loc.gov/catdir/description/random044/89200017.html
906 _a7
_bcbc
_corignew
_d2
_encip
_f19
_gy-gencatlg
942 _2lcc
_cBK-FIC
_kFIC
999 _c11493
_d11493